Music Quiz

Random Music or Lyrics Quiz

'(Don't Fear) The Reaper' Lyrics Quiz Stats

 Plays Quiz Updated Jul 2, 2017

Support Sporcle.
Go Orange.
Score 0/236 Timer 10:00
1 Play Today
% Correct
the
97.8%
the
97.8%
the
97.8%
the
97.8%
the
97.8%
the
97.8%
the
97.8%
the
97.8%
the
97.8%
the
97.8%
the
97.8%
the
97.8%
the
97.8%
The
97.8%
The
97.8%
the
97.8%
fear
96.1%
fear
96.1%
fear
96.1%
fear
96.1%
fear
96.1%
fear
96.1%
fear
96.1%
fear
96.1%
fear
96.1%
reaper
95.8%
reaper
95.8%
don't
95.8%
Don't
95.8%
Don't
95.8%
reaper
95.8%
Don't
95.8%
reaper
95.8%
Don't
95.8%
reaper
95.8%
Don't
95.8%
reaper
95.8%
Don't
95.8%
reaper
95.8%
don't
95.8%
Don't
95.8%
reaper
95.8%
do
94.5%
and
83.3%
and
83.3%
and
83.3%
and
83.3%
and
83.3%
And
83.3%
and
83.3%
and
83.3%
And
83.3%
And
83.3%
and
83.3%
and
82.2%
on
81%
on
81%
on
81%
on
81%
on
81%
And
78.3%
We
78.2%
We
78.2%
come
77.6%
Come
77.6%
Come
77.6%
Come
77.6%
Come
77.6%
to
77.3%
to
77.3%
to
77.3%
to
77.3%
be
77.1%
be
77.1%
be
77.1%
be
77.1%
be
77.1%
Baby
76.7%
baby
76.6%
% Correct
Baby
76.6%
baby
76.6%
Baby
76.6%
Baby
76.6%
baby
76.6%
baby
76.6%
no
75.2%
are
74.9%
are
74.9%
are
74.9%
are
74.9%
are
74.9%
they
73.8%
they
73.8%
they
73.8%
They
73.8%
they
73.8%
they
73.8%
can
71.8%
can
71.8%
my
70.5%
my
69%
in
68.8%
he
67%
go
65.9%
like
65.8%
Like
65.8%
like
65.8%
like
65.8%
like
65.8%
take
65.3%
hand
64.3%
take
63.9%
hand
63.3%
hand
63.3%
rain
61.5%
or
60.7%
sun
60.1%
All
59.7%
wind
59.6%
wind
59.6%
now
59.2%
now
59.2%
now
59.2%
your
58.8%
your
58.8%
is
57.9%
is
57.9%
have
57.9%
but
57.5%
but
57.5%
but
57.5%
Romeo
57.4%
Romeo
57.4%
Romeo
57.4%
Juliet
57.3%
Juliet
57.3%
Juliet
57.3%
gone
57.1%
gone
57.1%
gone
57.1%
Seasons
55.7%
Nor
53.5%
Here
53%
Here
53%
Here
53%
I'm
52.7%
I'm
52.7%
together
52.7%
man
51.9%
man
51.9%
fly
51.8%
fly
51.8%
fly
51.8%
We'll
51.3%
We'll
51.3%
it
50.8%
our
50.6%
they're
50.3%
% Correct
they're
50.3%
they're
50.3%
eternity
49.9%
times
49.4%
she
49.4%
she
49.4%
she
49.4%
She
49.4%
She
49.4%
She
49.4%
La la la la la
48.6%
La la la la la
48.6%
of
48%
of
48%
able
47.7%
able
47.7%
La la la la la
47.2%
La la la la la
47.2%
then
40.9%
then
40.9%
Then
40.9%
had
40.3%
had
40.3%
had
40.3%
had
40.3%
one
38.2%
men
38%
men
38%
was
37%
was
37%
thousand
37%
thousand
37%
thousand
37%
that
36.5%
women
36%
women
36%
afraid
35.5%
Love
35.3%
Forty
34.9%
Forty
34.9%
forty
34.9%
his
34%
done
33.4%
night
33.2%
him
33.1%
everyday
33%
everyday
33%
everyday
33%
couldn't
30.4%
two
29.9%
said
29.8%
become
28.2%
become
28.2%
Valentine
26.6%
appeared
26.5%
appeared
26.5%
taken
26.4%
ran
25.9%
blew
25.5%
Came
25.3%
last
25.1%
started
24.5%
disappeared
23.8%
open
23.6%
door
23.1%
clear
22.5%
curtains
22.4%
Saying
22.1%
flew
22%
candles
21.6%
Another
20.5%
sadness
20.3%
comin'
19%
looked
15%
happiness
14.7%
goodbye
13.3%
backward
12.6%
Redefine
12%

You're not logged in!

Compare scores with friends on all Sporcle quizzes.
OR
Log In
Forgot?

From the Vault

Song Rhymes: Double Missing Word

by MovieGuru

You're in double trouble if you don't rhyme in time.
Remove Ads.
Support Sporcle.
Get the best of Sporcle when you Go Orange. This ad-free experience offers more features, more stats, and more fun while also helping to support Sporcle. Thank you for becoming a member.

Show Comments

Extras

Top Quizzes Today


Score Distribution

Your Account Isn't Verified!

In order to create a playlist on Sporcle, you need to verify the email address you used during registration. Go to your Sporcle Settings to finish the process.

Report this User

Report this user for behavior that violates our Community Guidelines.

Details: